000 00271nam a2200145Ia 4500
100 _aNiit
942 _cBK
366 _f10
654 _aPower Point - MS
245 _aPower Point - MS
260 _bNiit Notes
082 _a5.7
300 _a62
546 _aENGLISH
999 _c31909
_d31909